[Event "Titled Tue 17th Jun Early"]
[Site "chess.com INT"]
[Date "2025.06.17"]
[Round "5"]
[White "Dann, Matthias"]
[Black "Brancaleoni, Maurizio"]
[Result "1-0"]
[WhiteTitle "IM"]
[BlackTitle "FM"]
[WhiteElo "2446"]
[BlackElo "2185"]
[WhiteFideId "24638056"]
[BlackFideId "803022"]
[EventDate "2025.06.17"]

1. c4 b6 2. d4 Bb7 3. Nc3 e6 4. e4 Bb4 5. Ne2 Bxe4 6. a3 Bxc3+ 7. Nxc3 Bb7 8.
Qg4 Kf8 9. Bf4 Nf6 10. Qh3 d6 11. Be2 Nc6 12. Rd1 Ne7 13. O-O Ng6 14. Be3 d5 15.
Bf3 Rb8 16. b3 h6 17. Qg3 c6 18. Be2 Rc8 19. a4 Kg8 20. Bd3 Ne7 21. Qh3 Rc7 22.
Bf4 Rd7 23. Be5 Ne8 24. f4 f6 25. Qxe6+ Kf8 26. Rde1 Bc8 27. Qh3 Ng8 28. f5 Rf7
29. Bf4 Ne7 30. cxd5 Nxd5 31. Nxd5 cxd5 32. Bb5 Bd7 33. Re3 Bxb5 34. axb5 Kg8
35. Rfe1 Kh7 36. Qh5 Rhf8 37. Qg6+ Kh8 38. h3 Rd7 39. Rxe8 1-0

[Event "Titled Tue 17th Jun Early"]
[Site "chess.com INT"]
[Date "2025.06.17"]
[Round "5"]
[White "Cuellar Montes, Alejandro"]
[Black "Hungaski, Robert"]
[Result "1-0"]
[WhiteTitle "CM"]
[BlackTitle "GM"]
[WhiteElo "2173"]
[BlackElo "2477"]
[WhiteFideId "32096836"]
[BlackFideId "2021030"]
[EventDate "2025.06.17"]

1. d4 d5 2. c4 c6 3. Nc3 Nf6 4. Nf3 g6 5. Bf4 Bg7 6. e3 Ne4 7. Nxe4 dxe4 8. Nd2
c5 9. Nb3 cxd4 10. exd4 Nc6 11. Be3 O-O 12. Be2 b6 13. O-O Bb7 14. d5 Ne5 15.
Nd4 Rc8 16. b3 Qd7 17. Rc1 e6 18. dxe6 fxe6 19. Nb5 Nd3 20. Nxa7 Ra8 21. Bxb6
Be5 22. Be3 Rxa7 23. Bxa7 Ra8 24. Be3 Rxa2 25. Rc2 Ra3 26. c5 Qc6 27. Rd2 Bc7
28. Qc2 Ra8 29. Qc4 Rd8 30. b4 Qd5 31. Qxd5 Rxd5 32. Bxd3 exd3 33. b5 Ba5 34.
Ra2 1-0

[Event "Titled Tue 17th Jun Early"]
[Site "chess.com INT"]
[Date "2025.06.17"]
[Round "5"]
[White "Kovalchuk, Alexey"]
[Black "Drozdowski, Kacper"]
[Result "0-1"]
[WhiteTitle "FM"]
[BlackTitle "IM"]
[WhiteElo "2304"]
[BlackElo "2450"]
[WhiteFideId "24154385"]
[BlackFideId "1136720"]
[EventDate "2025.06.17"]

1. d4 Nf6 2. c4 e6 3. Nc3 Bb4 4. e3 O-O 5. Bd3 d5 6. a3 Bxc3+ 7. bxc3 Qe7 8.
cxd5 exd5 9. Ne2 c5 10. O-O b6 11. Ng3 Ba6 12. Bxa6 Nxa6 13. f3 Nc7 14. Re1 Ne6
15. Bb2 Rad8 16. a4 Qd7 17. Qd3 Rfe8 18. Bc1 Qc6 19. Bd2 h5 20. Reb1 h4 21. Nf5
h3 22. g4 g6 23. Ng3 Ng5 24. Rf1 cxd4 25. cxd4 Qc4 26. Qxc4 dxc4 27. e4 Ne6 28.
d5 Nc5 29. Bc3 Nfd7 30. Rfe1 Nd3 31. Re3 N7c5 32. Ne2 f5 33. gxf5 gxf5 34. Nd4
fxe4 35. fxe4 Nxe4 36. Rxh3 Nxc3 37. Rg3+ Kf7 38. Rf1+ Ke7 39. Nc6+ Kd6 40. Nxd8
Rxd8 41. Rf7 Ne2+ 42. Kg2 Nxg3 43. hxg3 c3 0-1

[Event "Titled Tue 17th Jun Early"]
[Site "chess.com INT"]
[Date "2025.06.17"]
[Round "5"]
[White "Matveeva, Olga"]
[Black "Chylewski, Patryk"]
[Result "1-0"]
[WhiteTitle "WIM"]
[BlackTitle "IM"]
[WhiteElo "2177"]
[BlackElo "2313"]
[WhiteFideId "24107018"]
[BlackFideId "1186191"]
[EventDate "2025.06.17"]

1. d4 Nf6 2. c4 e6 3. g3 d5 4. Nf3 Bb4+ 5. Bd2 Bd6 6. Nc3 c6 7. b3 O-O 8. Bg2 b6
9. O-O Bb7 10. Bg5 Nbd7 11. e4 Be7 12. e5 Ne8 13. Bxe7 Qxe7 14. cxd5 cxd5 15.
Qd3 a5 16. a4 Ba6 17. Nb5 Nc7 18. Rfc1 Rfc8 19. Bf1 Qb4 20. Ng5 Nf8 21. Qf3 Qe7
22. Nxf7 Bxb5 23. Nd6 Bxf1 24. Nxc8 Rxc8 25. Kxf1 Rb8 26. Rc6 Na6 27. Rac1 Qf7
28. Qg4 h6 29. Kg2 Kh7 30. h4 Rb7 31. h5 g6 32. hxg6+ Qxg6 33. Qf4 Qe4+ 34.
Qxe4+ dxe4 35. Rd6 Kg6 36. d5 Kf5 37. dxe6 Kxe5 38. e7 Ng6 39. e8=Q+ Re7 40.
Qxg6 1-0

[Event "Titled Tue 17th Jun Early"]
[Site "chess.com INT"]
[Date "2025.06.17"]
[Round "5"]
[White "Hehir, Michael"]
[Black "Redor, Menandro"]
[Result "1-0"]
[WhiteElo "2009"]
[BlackElo "2021"]
[WhiteFideId "2047411"]
[BlackFideId "5222010"]
[EventDate "2025.06.17"]

1. d4 d5 2. c4 e6 3. Nc3 dxc4 4. e4 Nf6 5. Bxc4 Be7 6. Nf3 O-O 7. O-O b6 8. Re1
Bb7 9. Bg5 Nbd7 10. Rc1 h6 11. Bh4 c5 12. Qe2 cxd4 13. Nxd4 Ne5 14. Red1 Qc8 15.
Bb3 Qe8 16. Ba4 Nfd7 17. Bg3 Bf6 18. Bxe5 Bxe5 19. Nf3 Bf6 20. Bxd7 Qe7 21. e5
Bg5 22. Nxg5 Qxg5 23. f3 Rad8 24. Bb5 a6 25. Bd3 b5 26. Be4 Bxe4 27. Qxe4 Rd2
28. Rxd2 Qxd2 29. Qc2 Qd4+ 30. Qf2 Qxe5 31. Rd1 Rc8 32. Ne4 Qf5 33. Qd4 Rc2 34.
Rd2 Rc1+ 35. Rd1 Qg6 36. Rxc1 Kh7 37. Ng3 h5 38. Qe4 f5 39. Qf4 1-0

[Event "Titled Tue 17th Jun Early"]
[Site "chess.com INT"]
[Date "2025.06.17"]
[Round "5"]
[White "Belov, Alexei"]
[Black "Abdou Ahmed Alem"]
[Result "0-1"]
[WhiteTitle "IM"]
[BlackTitle "CM"]
[WhiteElo "2421"]
[BlackElo "2002"]
[WhiteFideId "4128206"]
[BlackFideId "19603720"]
[EventDate "2025.06.17"]

1. e4 Nc6 2. Nf3 d6 3. d4 Nf6 4. Bb5 Bd7 5. e5 dxe5 6. dxe5 Nxe5 7. Bxd7+ Nexd7
8. O-O e6 9. c4 Bd6 10. Bg5 O-O 11. Nc3 h6 12. Bh4 Ne5 13. Ne4 Nxf3+ 14. Qxf3
Be5 15. Rad1 Qe7 16. Qe2 Rfd8 17. f4 Bd4+ 18. Kh1 Rd7 19. Rd3 Rad8 20. Rfd1 c5
21. b4 b6 22. bxc5 bxc5 23. h3 g5 24. fxg5 Nxe4 25. Qxe4 hxg5 26. Qg4 f6 27. Bg3
Qf7 28. Qf3 Kg7 0-1

[Event "Titled Tue 17th Jun Early"]
[Site "chess.com INT"]
[Date "2025.06.17"]
[Round "5"]
[White "Xue, Haowen"]
[Black "Tovmasian, Vardges"]
[Result "1-0"]
[WhiteTitle "GM"]
[BlackTitle "IM"]
[WhiteElo "2518"]
[BlackElo "2352"]
[WhiteFideId "8625492"]
[BlackFideId "13302736"]
[EventDate "2025.06.17"]

1. d4 Nf6 2. Nf3 c5 3. d5 e6 4. Nc3 exd5 5. Nxd5 Nxd5 6. Qxd5 Nc6 7. e4 Be7 8.
Bc4 O-O 9. O-O d6 10. Qd3 Be6 11. c3 a6 12. Bf4 b5 13. Bd5 Rc8 14. Rad1 Qd7 15.
Rfe1 Rfd8 16. h3 Bf8 17. Qe3 Re8 18. Qd2 Qe7 19. Ng5 h6 20. Nxe6 fxe6 21. Bb3
Rcd8 22. Bc2 Qf7 23. Bg3 Kh8 24. f4 Be7 25. Kh2 Rf8 26. Qe3 Qh5 27. Rd2 Bh4 28.
Red1 Bxg3+ 29. Qxg3 e5 30. f5 Rf6 31. Rd5 Qe8 32. a4 b4 33. R5d2 Na5 34. Bd3 c4
35. Be2 b3 36. Rd5 Qxa4 37. Rxe5 dxe5 38. Rxd8+ Kh7 39. Bh5 g5 40. fxg6+ Kg7 41.
Qxe5 Nc6 42. Qc7+ 1-0

[Event "Titled Tue 17th Jun Early"]
[Site "chess.com INT"]
[Date "2025.06.17"]
[Round "5"]
[White "Tristan, Leonardo"]
[Black "Gibala, Adam"]
[Result "1-0"]
[WhiteTitle "GM"]
[BlackTitle "CM"]
[WhiteElo "2536"]
[BlackElo "2245"]
[WhiteFideId "113816"]
[BlackFideId "21070288"]
[EventDate "2025.06.17"]

1. d4 Nf6 2. Nf3 d5 3. Bf4 e6 4. e3 c5 5. c3 Bd6 6. Bb5+ Nc6 7. Bg3 O-O 8. Nbd2
Qe7 9. Bxc6 bxc6 10. Qa4 Bd7 11. Bxd6 Qxd6 12. Qa3 Rab8 13. b3 Rb5 14. c4 Rb4
15. Qxa7 cxd4 16. Qxd4 Re8 17. Qe5 Qe7 18. O-O Ng4 19. Qg5 Nf6 20. Ne5 h6 21.
Qg3 Ra8 22. Rfc1 Be8 23. h3 Rb7 24. Rc2 Rba7 25. a4 Qb4 26. Rac1 g6 27. Qf4 Kg7
28. cxd5 Qxf4 29. exf4 Nxd5 30. Nxc6 Bxc6 31. Rxc6 Nxf4 32. R1c4 Nd5 33. Nf3 Rb7
34. Nd4 g5 35. Nb5 Nf4 36. g3 Nxh3+ 37. Kg2 g4 38. Rxg4+ Ng5 39. f4 f5 40. Rh4
Ne4 41. Rxe6 Rd8 42. Rexh6 Rd2+ 43. Kf3 Rd3+ 44. Ke2 Rd2+ 45. Ke3 Rbd7 46. Rh7+
Kg6 47. R4h6# 1-0

[Event "Titled Tue 17th Jun Early"]
[Site "chess.com INT"]
[Date "2025.06.17"]
[Round "5"]
[White "Gardezi, Arsal"]
[Black "Mafra, Kaiser Luiz"]
[Result "0-1"]
[BlackTitle "CM"]
[WhiteElo "2048"]
[BlackElo "2076"]
[WhiteFideId "30949521"]
[BlackFideId "2106698"]
[EventDate "2025.06.17"]

1. Nf3 Nf6 2. g3 g6 3. Bg2 Bg7 4. O-O O-O 5. c4 d6 6. Nc3 e5 7. d3 c6 8. Bg5 h6
9. Bd2 Kh7 10. Qc1 Nbd7 11. Ne1 Rb8 12. f4 exf4 13. Bxf4 Ne5 14. Nf3 Nxf3+ 15.
Bxf3 g5 16. Be3 d5 17. cxd5 cxd5 18. Bd4 Bh3 19. Rf2 Ng4 20. Bxg7 Kxg7 21. Bxg4
Bxg4 22. Qf1 Be6 23. Rd1 Qb6 24. e4 dxe4 25. Nxe4 Bxa2 26. h4 f5 27. Nc3 Bb3 28.
Re1 Qd6 29. Kg2 Bd5+ 30. Kh3 Bc6 31. Qe2 Rbe8 32. Qd2 gxh4 33. gxh4 Rxe1 34.
Qxe1 Qxd3+ 35. Kh2 Qd6+ 36. Kh3 Kh7 37. Re2 Rg8 38. Re7+ Rg7 39. Rxg7+ Kxg7 40.
Qg1+ Kf6 41. Qe3 Qe5 42. Qf3 Bxf3 0-1

[Event "Titled Tue 17th Jun Early"]
[Site "chess.com INT"]
[Date "2025.06.17"]
[Round "5"]
[White "Sickmann, Lisa"]
[Black "Ghosh, Chanchal Kumer"]
[Result "0-1"]
[WhiteTitle "WFM"]
[BlackTitle "CM"]
[WhiteElo "1974"]
[BlackElo "2018"]
[WhiteFideId "16267818"]
[BlackFideId "10201858"]
[EventDate "2025.06.17"]

1. d4 d5 2. c4 e6 3. Nc3 Nf6 4. e3 a6 5. Bd3 Nbd7 6. Nge2 b6 7. O-O Bb7 8. a3 c5
9. cxd5 exd5 10. b3 Bd6 11. Bb2 O-O 12. Qd2 Re8 13. Rac1 Bxh2+ 14. Kxh2 Ng4+ 15.
Kg3 Qg5 16. f4 Qh6 17. Kxg4 Nf6+ 18. Kg3 Nh5+ 19. Kf2 Nf6 20. Rh1 Ng4+ 21. Kg3
Qe6 22. Bxh7+ Kf8 23. e4 dxe4 24. f5 e3 25. fxe6 exd2 26. Rcf1 Nf6 27. dxc5 Rxe6
28. cxb6 Rxb6 29. Nd4 Nxh7 30. Rxh7 Rg6+ 31. Kh4 Kg8 32. Rh5 Rxg2 33. Rg5 Rh2+
34. Kg3 Rg2+ 35. Kf4 Rh2 36. Rfg1 g6 37. Ne4 Bxe4 38. Kxe4 d1=Q 39. Rxd1 Rxb2
40. Rh1 Rf8 41. Rg3 Re8+ 42. Kd3 Rd8 43. Rgh3 Rxb3+ 44. Kc4 Rxh3 45. Rxh3 Rd6
46. Kc5 Rf6 47. Nc6 Kg7 48. Kb6 g5 49. Kb7 Kg6 50. a4 g4 51. a5 gxh3 0-1

[Event "Titled Tue 17th Jun Early"]
[Site "chess.com INT"]
[Date "2025.06.17"]
[Round "5"]
[White "Villa, Ma. Elayza"]
[Black "Khazhatuly, Alikhan"]
[Result "0-1"]
[BlackTitle "CM"]
[WhiteElo "1819"]
[BlackElo "2173"]
[WhiteFideId "5224292"]
[BlackFideId "13731335"]
[EventDate "2025.06.17"]

1. d4 d5 2. Bf4 Nf6 3. e3 c5 4. c3 Nc6 5. Nd2 Bf5 6. Ngf3 e6 7. Be2 Qb6 8. Qb3
c4 9. Qxb6 axb6 10. a3 Kd7 11. O-O Bd6 12. Bxd6 Kxd6 13. Nh4 Rhe8 14. Rfe1 b5
15. Bf3 Be4 16. Bxe4 dxe4 17. f3 g5 18. fxe4 gxh4 19. e5+ Nxe5 20. dxe5+ Kxe5
21. Nf3+ Kd6 22. Rad1+ Ke7 23. Nxh4 Rad8 24. Nf3 Ne4 25. Nd4 Rd5 26. Rf1 f5 27.
Nf3 Red8 28. Rd4 Nc5 29. Rfd1 Nd3 30. Rd2 e5 31. Rxd5 Rxd5 32. Ne1 Kd6 33. Kf1
Nc5 34. Rxd5+ Kxd5 35. Ke2 Na4 36. Nf3 Nxb2 37. Ng5 h5 38. h4 Na4 39. Kd2 Nc5
40. Nh7 Ne4+ 41. Kc2 Kd6 42. Nf8 Ke7 43. Nh7 Ke6 44. Nf8+ Ke7 45. Nh7 Kf7 46.
Kb2 Kg7 47. Ng5 Nxg5 48. hxg5 Kg6 49. a4 bxa4 50. Ka3 b5 0-1

[Event "Titled Tue 17th Jun Early"]
[Site "chess.com INT"]
[Date "2025.06.17"]
[Round "5"]
[White "Cornelisse, Lorelei"]
[Black "Jimenez Fernandez, Rebeca"]
[Result "0-1"]
[WhiteTitle "WFM"]
[BlackTitle "WFM"]
[WhiteElo "2138"]
[BlackElo "2154"]
[WhiteFideId "1087177"]
[BlackFideId "32070934"]
[EventDate "2025.06.17"]

1. d4 d5 2. Nc3 Nf6 3. Bf4 c5 4. e3 a6 5. dxc5 e6 6. Nf3 Bxc5 7. Bd3 O-O 8. O-O
Nc6 9. e4 dxe4 10. Nxe4 Nxe4 11. Bxe4 Qe7 12. Bxh7+ Kxh7 13. Ng5+ Kg6 14. Qd3+
f5 15. Qg3 e5 16. Ne6+ Kf7 17. Nxc5 Qxc5 18. Be3 Qe7 19. f4 e4 20. Rad1 Be6 21.
c3 Rad8 22. Qh3 Kg8 23. Qh5 Rxd1 24. Rxd1 Rd8 25. Re1 Rd3 26. Bf2 Qd7 27. h3 Bf7
28. Qe2 Rd2 29. Qe3 Rxb2 30. Qc5 Rd2 31. Rb1 Rd1+ 32. Rxd1 Qxd1+ 33. Kh2 Qd7 34.
a4 Qc7 35. Bd4 Qxf4+ 36. Kg1 Nxd4 37. cxd4 e3 38. Qc8+ Kh7 39. Qc2 Qf2+ 40. Qxf2
exf2+ 41. Kxf2 Kg6 42. a5 Bd5 0-1

[Event "Titled Tue 17th Jun Early"]
[Site "chess.com INT"]
[Date "2025.06.17"]
[Round "5"]
[White "Drygalov, Andrey"]
[Black "Esipenko, Andrey"]
[Result "0-1"]
[WhiteTitle "GM"]
[BlackTitle "GM"]
[WhiteElo "2431"]
[BlackElo "2689"]
[WhiteFideId "24171735"]
[BlackFideId "24175439"]
[EventDate "2025.06.17"]

1. e4 e5 2. Nf3 Nc6 3. Bc4 Nf6 4. d3 Be7 5. O-O O-O 6. c3 d5 7. exd5 Nxd5 8. Re1
Bg4 9. h3 Bh5 10. Nbd2 Nb6 11. Bb3 Kh8 12. Ne4 f6 13. Ng3 Bg6 14. d4 exd4 15.
Nh4 Bf7 16. Bxf7 Rxf7 17. Qh5 Kg8 18. Ngf5 Bf8 19. Qg4 Kh8 20. cxd4 Qd5 21. Qh5
Kg8 22. Qg4 Rd7 23. Be3 Kh8 24. Qh5 Qf7 25. Qg4 Nd5 26. Rad1 Re8 27. Qf3 g5 28.
Qg4 gxh4 29. Qxh4 Qg6 30. Ng3 Bd6 31. Nh5 Re4 32. g4 f5 33. Bg5 Nxd4 34. Kg2
fxg4 35. Rxe4 Qxe4+ 36. Kf1 Qh1# 0-1

[Event "Titled Tue 17th Jun Early"]
[Site "chess.com INT"]
[Date "2025.06.17"]
[Round "5"]
[White "Olhovik, Andrei"]
[Black "Mohylnyi, Stepan"]
[Result "1/2-1/2"]
[WhiteTitle "FM"]
[BlackTitle "FM"]
[WhiteElo "2282"]
[BlackElo "2314"]
[WhiteFideId "13507397"]
[BlackFideId "34127836"]
[EventDate "2025.06.17"]

1. d4 Nf6 2. c4 g6 3. Nc3 Bg7 4. e4 d6 5. h3 O-O 6. Bg5 Nbd7 7. Bd3 e5 8. d5 h6
9. Be3 Nc5 10. Bc2 a5 11. Nge2 Ne8 12. g4 Bd7 13. Ng3 Qh4 14. Qd2 a4 15. O-O-O
c6 16. Kb1 Rb8 17. Rdg1 b5 18. dxc6 Bxc6 19. cxb5 Bxb5 20. Bxc5 dxc5 21. Nxb5
Rxb5 22. Bxa4 Rb4 23. Bc6 Nc7 24. Qd7 Ne6 25. Bd5 Nd4 26. Rc1 Qf6 27. Rhf1 Rfb8
28. b3 Qf3 29. Nf5 gxf5 30. Qxf7+ Kh8 31. gxf5 Qd3+ 32. Ka1 Nxb3+ 33. Bxb3 Rxb3
34. axb3 Rxb3 35. Qe8+ Kh7 36. Qg6+ Kh8 37. Qe8+ Kh7 38. Qg6+ Kh8 39. Qe8+ 1/2-1/2

[Event "Titled Tue 17th Jun Early"]
[Site "chess.com INT"]
[Date "2025.06.17"]
[Round "5"]
[White "Panda, Sambit"]
[Black "Sabatier, Mathis"]
[Result "1-0"]
[WhiteTitle "IM"]
[BlackTitle "CM"]
[WhiteElo "2379"]
[BlackElo "2235"]
[WhiteFideId "25091794"]
[BlackFideId "26029685"]
[EventDate "2025.06.17"]

1. d4 d5 2. Nf3 Nf6 3. e3 c5 4. Be2 Nc6 5. O-O e6 6. h3 cxd4 7. exd4 Bd6 8. c3
O-O 9. Re1 Rb8 10. a4 a6 11. Bd3 b5 12. axb5 axb5 13. b4 h6 14. Nbd2 Qc7 15. Qe2
Re8 16. Ne5 Nd7 17. f4 Ncxe5 18. dxe5 Qxc3 19. Rb1 Bxb4 20. Nf3 Nc5 21. Bxb5 Re7
22. Bd2 Qa3 23. Bxb4 Qa7 24. Kh2 Reb7 25. Nd4 Ne4 26. Nc6 Qb6 27. Nxb8 Rxb8 28.
Bd3 Nf2 29. Bd6 Qd4 30. Rxb8 Nxd3 31. Rxc8+ Kh7 32. Rd1 Qxf4+ 33. g3 Nc1 34.
gxf4 Nxe2 35. f5 exf5 36. Rxd5 f4 37. Rc7 f3 38. Rxf7 Nc3 39. Rd3 Ne4 40. Rdxf3 1-0

[Event "Titled Tue 17th Jun Early"]
[Site "chess.com INT"]
[Date "2025.06.17"]
[Round "5"]
[White "Nugumanov, Bakhtiyar"]
[Black "Kozusek, Daniel"]
[Result "1/2-1/2"]
[WhiteTitle "IM"]
[BlackTitle "FM"]
[WhiteElo "2305"]
[BlackElo "2345"]
[WhiteFideId "13701797"]
[BlackFideId "349500"]
[EventDate "2025.06.17"]

1. e4 c5 2. Nc3 e6 3. Nge2 Nc6 4. g3 d5 5. exd5 exd5 6. d4 Bg4 7. Be3 Bf3 8. Rg1
Nge7 9. Bg2 Bxg2 10. Rxg2 Nf5 11. Qd2 Nxe3 12. Qxe3+ Be7 13. O-O-O cxd4 14. Nxd4
O-O 15. Nf5 Re8 16. Rxd5 Bg5 17. f4 Qc8 18. Qd2 Be7 19. Re2 Bf8 20. a3 Rxe2 21.
Qxe2 a6 22. Ne4 Qe6 23. Nc3 Qf6 24. Ne3 Bxa3 25. Rd3 Bb4 26. Ned5 Qg6 27. Nxb4
Nxb4 28. Re3 h6 29. g4 Qc6 30. Re4 Nd5 31. Nxd5 Qxd5 32. Re8+ Rxe8 33. Qxe8+ Kh7
34. Qe2 Qh1+ 35. Kd2 Qd5+ 36. Qd3+ Qxd3+ 37. Kxd3 Kg6 38. Ke4 Kf6 39. h4 Ke6 40.
g5 hxg5 41. fxg5 g6 42. b4 Kd6 43. c4 b6 44. Kd3 a5 45. c5+ Kc6 46. cxb6 a4 47.
Kc3 Kxb6 48. Kb2 Ka6 49. Ka2 Kb6 50. Kb2 Kc6 51. Ka2 Kb6 52. Kb2 1/2-1/2

[Event "Titled Tue 17th Jun Early"]
[Site "chess.com INT"]
[Date "2025.06.17"]
[Round "5"]
[White "Nitish, Belurkar"]
[Black "Novosel, Lovro"]
[Result "1-0"]
[WhiteTitle "IM"]
[BlackTitle "FM"]
[WhiteElo "2454"]
[BlackElo "2338"]
[WhiteFideId "5084768"]
[BlackFideId "14547120"]
[EventDate "2025.06.17"]

1. e4 g6 2. d4 Bg7 3. Nc3 c6 4. f4 d5 5. e5 h5 6. Nf3 Nh6 7. Bd3 Bf5 8. Be3 e6
9. h3 Bxd3 10. Qxd3 Nf5 11. Bf2 h4 12. Nd1 Qb6 13. Ne3 Nxe3 14. Qxe3 Qxb2 15.
O-O Qb6 16. Bxh4 Nd7 17. Rab1 Qc7 18. Qb3 b6 19. c4 O-O 20. Rfc1 Qb7 21. Ng5
Rfc8 22. Qg3 c5 23. f5 exf5 24. e6 fxe6 25. Nxe6 Nf8 26. Nxf8 Rxf8 27. Qxg6 cxd4
28. cxd5 Qxd5 29. Rc7 Rf7 30. Rbc1 Raf8 31. Bf6 Qe6 32. R1c6 Qxc6 33. Rxc6 Rxf6
34. Rxf6 Rxf6 35. Qe8+ Rf8 36. Qe6+ Kh7 37. Qd7 Kg6 38. Kf2 Bf6 39. Kf3 Rd8 40.
Qa4 d3 41. Qd1 d2 42. g4 fxg4+ 43. hxg4 Bg5 44. Ke2 Kg7 45. Qa1+ Kg6 46. Qb1+
Kh6 47. Qh1+ Kg7 48. Qb7+ Kg6 49. Qe4+ Kg7 50. Kd1 Rd7 51. Qf5 1-0

[Event "Titled Tue 17th Jun Early"]
[Site "chess.com INT"]
[Date "2025.06.17"]
[Round "5"]
[White "Hernandez Jimenez, Alexander Andres"]
[Black "Murawski, Jan"]
[Result "1-0"]
[WhiteTitle "FM"]
[BlackTitle "CM"]
[WhiteElo "2069"]
[BlackElo "2164"]
[WhiteFideId "3900452"]
[BlackFideId "21009287"]
[EventDate "2025.06.17"]

1. e4 e5 2. Nf3 Nc6 3. Bc4 Bc5 4. b4 Bxb4 5. c3 Ba5 6. O-O Nf6 7. d4 d6 8. Bg5
h6 9. Bh4 g5 10. Bg3 Nxe4 11. dxe5 Nxg3 12. hxg3 Nxe5 13. Nxe5 dxe5 14. Qa4+ c6
15. Re1 Bc7 16. Qb3 Qf6 17. Na3 O-O 18. Nc2 Bb6 19. Ne3 Bxe3 20. Rxe3 b5 21. Be2
Be6 22. Qa3 Rfd8 23. Bf3 Bd5 24. Rae1 Bxf3 25. gxf3 Rd5 26. Kg2 a5 27. c4 bxc4
28. Qc3 Rd3 29. Qxc4 Rxe3 30. Rxe3 Rd8 31. Rc3 Rd2 32. a4 Rd4 33. Qa6 e4 34.
fxe4 Rxe4 35. Rxc6 Qf5 36. Rxh6 Kg7 37. Rh1 Rxa4 38. Qh6+ Kg8 39. Qh8# 1-0

[Event "Titled Tue 17th Jun Early"]
[Site "chess.com INT"]
[Date "2025.06.17"]
[Round "5"]
[White "Duarte Cramer, Lily Jeanette"]
[Black "Yao, Hanchi"]
[Result "1-0"]
[WhiteTitle "WCM"]
[WhiteElo "1828"]
[BlackElo "2129"]
[WhiteFideId "29620180"]
[BlackFideId "30957397"]
[EventDate "2025.06.17"]

1. d4 Nf6 2. c4 e6 3. Nc3 Bb4 4. Qc2 d5 5. Bg5 O-O 6. e3 h6 7. Bh4 g5 8. Bg3 Ne4
9. cxd5 exd5 10. Bd3 Bf5 11. Ne2 c5 12. dxc5 Nd7 13. Nd4 Bg6 14. c6 Bxc3+ 15.
bxc3 bxc6 16. Nxc6 Qf6 17. Nd4 Rac8 18. Bxe4 Bxe4 19. Qd2 Bxg2 20. Rg1 Be4 21.
h4 Nc5 22. hxg5 hxg5 23. Bf4 Bg6 24. Bxg5 Qa6 25. Be7 Nd3+ 26. Kd1 Rfe8 27. Bb4
Qa4+ 28. Ke2 a5 29. Qxd3 axb4 30. Rxg6+ Kf8 31. Rh6 Rxc3 32. Rh8+ Ke7 33. Nf5+
Kd7 34. Qxd5+ Kc7 35. Qd6+ Kb7 36. Rxe8 Qc2+ 37. Kf3 Qxf5+ 38. Kg2 Qg5+ 39. Qg3
Qd5+ 40. Qf3 Qxf3+ 41. Kxf3 Rc2 42. Re4 Kc6 43. Rxb4 Kc5 44. Re4 Rc4 45. Rf4 Re4
46. Kxe4 1-0

[Event "Titled Tue 17th Jun Early"]
[Site "chess.com INT"]
[Date "2025.06.17"]
[Round "5"]
[White "Bortnyk, Olexandr"]
[Black "Alonso Rosell, Alvar"]
[Result "0-1"]
[WhiteTitle "GM"]
[BlackTitle "GM"]
[WhiteElo "2601"]
[BlackElo "2536"]
[WhiteFideId "14120828"]
[BlackFideId "2270544"]
[EventDate "2025.06.17"]

1. e4 c6 2. c4 d5 3. cxd5 cxd5 4. exd5 Nf6 5. Qa4+ Nbd7 6. Nc3 g6 7. Bc4 Bg7 8.
d3 a6 9. Nf3 Rb8 10. Bb3 b5 11. Qf4 Bb7 12. Be3 b4 13. Qxb4 Bxd5 14. Qa4 Bxf3
15. gxf3 O-O 16. Ke2 a5 17. Rac1 Rb4 18. Qc6 Ne5 19. Qa6 Qd7 20. f4 Nc6 21. Nb5
Nb8 22. Qxa5 Rxb5 23. Qa4 Nd5 24. Rhg1 Nc6 25. Qe4 Rd8 26. Rgd1 Na5 27. Bxd5
Rxd5 28. b3 Nc6 29. Rc4 Nd4+ 30. Kf1 Qg4 31. Rdc1 Nf3 32. h3 Qxh3+ 33. Ke2 Nh4
34. Qxe7 Qg4+ 35. Kd2 Rxd3+ 36. Kc2 Nf5 37. Kb1 Nxe7 0-1

[Event "Titled Tue 17th Jun Early"]
[Site "chess.com INT"]
[Date "2025.06.17"]
[Round "5"]
[White "Parfenov, Viktor N."]
[Black "Beyer, Lorenz"]
[Result "1-0"]
[WhiteTitle "CM"]
[BlackTitle "CM"]
[WhiteElo "2193"]
[BlackElo "2226"]
[WhiteFideId "4165969"]
[BlackFideId "16245393"]
[EventDate "2025.06.17"]

1. d4 d5 2. c4 e6 3. Nf3 Nf6 4. g3 Nbd7 5. Bg2 dxc4 6. O-O c6 7. a4 b6 8. Qc2
Bb7 9. Ne5 Nxe5 10. dxe5 Nd5 11. Nd2 b5 12. Ne4 Be7 13. b3 cxb3 14. Qxb3 a6 15.
h4 Qc7 16. Bb2 O-O 17. Rfc1 Qb6 18. a5 Qa7 19. Nd6 Rad8 20. e4 Nc7 21. Ba3 Rd7
22. Bc5 Qb8 23. Qb4 Ne8 24. Rd1 Bxd6 25. exd6 Nf6 26. f4 Rfd8 27. Ra2 Ng4 28.
Bf3 Nf6 29. g4 Re8 30. g5 Kh8 31. gxf6 gxf6 32. Rg2 Rg8 33. Rd2 Qf8 34. Qc3
Rxg2+ 35. Rxg2 Qh6 36. Rg5 Rd8 37. Kg2 Rg8 38. Rxg8+ Kxg8 39. d7 Qxf4 40. d8=Q+
Kg7 41. Qf8+ Kg6 42. h5+ Kg5 43. Qg7+ Kh4 44. Qcxf6+ Qxf6 45. Qxf6# 1-0

[Event "Titled Tue 17th Jun Early"]
[Site "chess.com INT"]
[Date "2025.06.17"]
[Round "5"]
[White "Sindarov, Islombek"]
[Black "Bacrot, Etienne"]
[Result "0-1"]
[WhiteTitle "CM"]
[BlackTitle "GM"]
[WhiteElo "2129"]
[BlackElo "2633"]
[WhiteFideId "14205475"]
[BlackFideId "605506"]
[EventDate "2025.06.17"]

1. Nf3 d5 2. g3 c5 3. Bg2 Nc6 4. O-O e5 5. d3 Nge7 6. Nbd2 Ng6 7. e4 d4 8. a4
Be7 9. Nc4 h5 10. Ne1 h4 11. f4 hxg3 12. hxg3 exf4 13. gxf4 Nh4 14. e5 Nxg2 15.
Nxg2 Qd5 16. Qf3 Qxf3 17. Rxf3 g6 18. Bd2 Bg4 19. Rff1 Kd7 20. Kf2 Rh2 21. Rh1
Bh4+ 22. Kg1 Rxh1+ 23. Kxh1 Bf2 24. Ne1 Bh3 25. Nd6 Rh8 26. Nxf7 Rh5 27. Nf3
Bf1+ 28. Nh2 Bg3 29. Kg1 Rxh2 30. Be1 Bh3 31. Bxg3 Rg2+ 32. Kh1 Rxg3 33. Kh2 Re3
34. Ng5 Bf5 35. Rh1 Re2+ 36. Kg3 Rxc2 37. Rh7+ Ne7 38. Rf7 Rd2 39. Rf6 Rxd3+ 40.
Kf2 Rb3 41. Rd6+ Kc7 42. Nf7 Rxb2+ 43. Kf3 Rb3+ 44. Kf2 Re3 45. a5 Bg4 46. a6
bxa6 47. Ng5 Nc6 48. Rd5 c4 49. Rc5 c3 50. Nf7 Kb6 51. Rc4 Be6 52. Rxd4 Nxd4 53.
Nd6 0-1